Vista normal
Vista MARC
Entrada Personal Name
Número de registros utilizados en: 1
001 - CONTROL NUMBER
- control field: 2031
003 - CONTROL NUMBER IDENTIFIER
- control field: OSt
005 - DATE AND TIME OF LATEST TRANSACTION
- control field: 20200327182554.0
008 - FIXED-LENGTH DATA ELEMENTS
- fixed length control field: 200327|| aca||aabn | a|a d
040 ## - CATALOGING SOURCE
- Original cataloging agency: OSt
- Transcribing agency: OSt
100 ## - HEADING--PERSONAL NAME
- Personal name: Hernández de Alba, Guillermo
670 ## - SOURCE DATA FOUND
- Source citation: Work cat.: (OSt)3944: Hernández de Alba, Guillermo autor, Historia de la Biblioteca Nacional de Colombia /, 1977